Diagnostic histopathology of tumors / (Record no. 122293)

MARC details
000 -LEADER
fixed length control field 01052cam a2200301 a 4500
003 - CONTROL NUMBER IDENTIFIER
control field OSt
005 - DATE AND TIME OF LATEST TRANSACTION
control field 20250527125555.0
008 - FIXED-LENGTH DATA ELEMENTS--GENERAL INFORMATION
fixed length control field
020 ## - INTERNATIONAL STANDARD BOOK NUMBER
International Standard Book Number 9780323428606q(set; Hardback)
020 ## - INTERNATIONAL STANDARD BOOK NUMBER
International Standard Book Number 9780323760720 (Volume 1)
040 ## - CATALOGING SOURCE
Original cataloging agency NUST
Transcribing agency NUST
Language of cataloging eng
Modifying agency NUST
Description conventions rda
050 ## - LIBRARY OF CONGRESS CALL NUMBER
Classification number RC270.3 FLE
100 ## - MAIN ENTRY--PERSONAL NAME
Relator term Editor
Fuller form of name Christopher D.M fletcher
245 00 - TITLE STATEMENT
Title Diagnostic histopathology of tumors /
Statement of responsibility, etc. Christopher D.M. Fletcher
250 ## - EDITION STATEMENT
Edition statement Fourth edition
260 ## - PUBLICATION, DISTRIBUTION, ETC.
Place of publication, distribution, etc. Philadelphia, PA :
Name of publisher, distributor, etc. Elsevier/Saunders,
Date of publication, distribution, etc. [©2021]
300 ## - PHYSICAL DESCRIPTION
Extent 2 volumes ;
Dimensions 29 cm
336 ## - CONTENT TYPE
Content type term text
Content type code txt
Source rdacontent
337 ## - MEDIA TYPE
Media type term unmediated
Media type code n
Source rdamedia
338 ## - CARRIER TYPE
Carrier type term volume
Carrier type code nc
Source rdacarrier
504 ## - BIBLIOGRAPHY, ETC. NOTE
Bibliography, etc. note Includes bibliographical references and index
650 12 - SUBJECT ADDED ENTRY--TOPICAL TERM
Topical term or geographic name entry element Neoplasms
General subdivision pathology.
Authority record control number or standard number (DNLM)D009369Q000473
650 #0 - SUBJECT ADDED ENTRY--TOPICAL TERM
Topical term or geographic name entry element Tumors
General subdivision Histopathology
650 #0 - SUBJECT ADDED ENTRY--TOPICAL TERM
Topical term or geographic name entry element Tumors
General subdivision Diagnosis
650 #0 - SUBJECT ADDED ENTRY--TOPICAL TERM
Topical term or geographic name entry element Histology, Pathological
700 1# - ADDED ENTRY--PERSONAL NAME
Personal name Fletcher, Christopher D. M
942 ## - ADDED ENTRY ELEMENTS (KOHA)
Koha item type Ordinary Loan Books
Call number prefix RC
Call number suffix FLE
Source of classification or shelving scheme Library of Congress Classification
Edition Fifth Edition
Classification part RC270.3 FLE
Suppress in OPAC No
Holdings
Withdrawn status Lost status Source of classification or shelving scheme Damaged status Not for loan Collection Home library Current library Shelving location Date acquired Source of acquisition Cost, normal purchase price Total Checkouts Full call number Barcode Date last seen Accession number Cost, replacement price Price effective from Koha item type Public note
    LCC     NFIC MAIN MAIN Gen 12/15/2022 Book Aid International 338.00   RC270.3 FLE 92004052199 02/13/2024 59590 338.00 12/15/2022 BOOKS Donation
    LCC     NFIC MAIN MEDICAL GEN 01/23/2023 Book Aid International 338.00   RC270.3 FLE 92004051811 01/23/2023 59591 338.00 01/23/2023 BOOKS Donation